| 000 | 00397nam a22001457a 4500 | ||
|---|---|---|---|
| 999 |
_c524128 _d524128 |
||
| 020 | _a0-443-03483-4 | ||
| 040 | _cNUST | ||
| 082 |
_a611 _bMCM |
||
| 100 |
_aMcminn,R.M.H. _914948 |
||
| 245 |
_aLast's anatomy : _bRegional and applied / _cR.M.H. Mcminn. |
||
| 260 |
_aNew York : _bChurchill Livingstone, _c1990. |
||
| 300 |
_aill, 710 p. : _c24 cm. |
||
| 500 | _aIncludes Indexes. | ||
| 942 |
_2ddc _cBK |
||